000 00958cam a2200253 a 4500
001 49637
003 BD-RjUL
005 20211209054715.0
008 160821s19681967enk 000 0 eng d
035 _a(BD-RjUL)49756
035 _a796755
040 _aANL
_beng
_cANL
_dXNTU
041 _aeng
082 0 4 _a361.942
_bCAR 1968
110 2 _aNational Council of Social Service.
_bCommittee of Enquiry.
_9148831
245 1 0 _aCaring for people :
_bstaffing residential homes /
_cThe report of the Committee of Enquiry set up by the National Council of Social Service, Chairman Gertrude Williams.
260 _aLondon :
_bAllen and Unwin,
_c1967 [impression 1967]
300 _b222 p. :
_aill. ;
_c21 cm.
490 0 _aNational Institute for Social Work Training series ;
_vno. 11
650 0 _aCharities
_zGreat Britain.
_9145222
650 0 _aSocial service.
_9148832
700 1 _aWilliams, Gertrude Rosenblum,
_cLady,
_d1897-
_9148833
942 _2ddc
_cBK
999 _c49637
_d49637